Understanding civil war evidence and analysis
Salvato in:
| Altri autori: | , |
|---|---|
| Natura: | Libro |
| Lingua: | inglese |
| Pubblicazione: |
Washington, D.C.
<The> World Bank
2005
|
| Soggetti: | |
| Tags: |
Nessun Tag, puoi essere il primo ad aggiungerne!!
|
MARC
| LEADER | 00000nam$a2200000$$$4500 | ||
|---|---|---|---|
| 001 | 0040168 | ||
| 005 | 20240104133944.3 | ||
| 020 | |a 0-8213-6047-7 | ||
| 041 | 0 | |a eng | |
| 044 | |a US | ||
| 245 | 1 | 0 | |a Understanding civil war |b evidence and analysis |c Edited by: Paul Collier, Nicholas Sambanis |
| 264 | 1 | |a Washington, D.C. |b <The> World Bank |c 2005 | |
| 300 | |a 353 s. | ||
| 610 | 2 | 0 | |a vojny |
| 610 | 2 | 0 | |a občania |
| 610 | 2 | 0 | |a konflikty |
| 610 | 2 | 0 | |a štúdie prípadové |
| 610 | 2 | 0 | |a výskum |
| 610 | 2 | 0 | |a krajiny rozvojové |
| 610 | 2 | 0 | |a modely |
| 610 | 2 | 0 | |a projekty |
| 610 | 2 | 0 | |a Afrika |
| 700 | 1 | |a Collier, Paul | |
| 700 | 1 | |a Sambanis, Nicholas | |